000 01087nabaa22002057a 4500
999 _c6122
_d6122
003 OSt
005 20260122205218.0
008 190701b xxu||||| |||| 00| 0 spa d
040 _cPJ
100 _96888
_aTraversaro, Agustín A.
245 1 0 _aEl fomento en la contratación pública :
_cun análisis sobre los principios rectores y su aplicación en el dec. 728/2022 /
_bAgustín A. Traversaro.
300 _ap. 113-123
505 _aSumario: I. Introducción.— II. Los principios y su relevancia para el derecho.— III. La actividad administrativa de fomento y sus principios rectores.— IV. Los principios de la contratación pública fomentada.— V. La medida del Gobierno bajo escrutinio.— VI. Conclusión.
505 _t¿Te interesa el texto completo? Comunicate al correo: koha@justierradelfuego.gov.ar
650 0 _9211
_aDERECHO ADMINISTRATIVO
650 0 _9877
_aADMINISTRACION PUBLICA
650 0 _93463
_aCONTRATOS
773 0 _02842
_93251
_dBuenos Aires : AbeledoPerrot, 2012-
_oDA121
_tDerecho administrativo. Nº 147 mayo/junio 2023
_z18510590
942 _2udc
_cANA